| 000 | 00675cam a2200265 4500 | ||
|---|---|---|---|
| 001 | B1399 | ||
| 008 | 090401t1987 xxu||||| |||| 00| 0 eng d | ||
| 035 | _a(Sirsi) u44237 | ||
| 041 | _aeng | ||
| 050 | _a694.6 | ||
| 100 | _aMiller, E. | ||
| 245 | _aExternal joinery : end grain sealers and moisture control | ||
| 260 |
_aGarston,Watford _bBuilding Research Establishment _c1987 |
||
| 300 | _a(4)p. : ill. ; 30cm. | ||
| 350 | _a0 | ||
| 490 |
_aBRE Information Paper _v20/87 |
||
| 650 | _aDAMP | ||
| 650 | _aSEALANTS | ||
| 650 | _aTIMBER | ||
| 650 | _aWOOD PRESERVATIVES | ||
| 700 | _aBoxall, J. | ||
| 700 | _aCarey, J.K. | ||
| 942 | _n0 | ||
| 948 | _c04/03/1997 | ||
| 999 |
_c91464 _d91464 |
||